000 00345 a2200109 4500
001 ART_31005
005 20260410161645.0
008 260409a
245 1 0 _aResponsabilidad solidaria de directores y administradores
100 1 _aCaranta, Martín R.
773 0 _tConsultor tributario
_g- Año 9, Nº 101 (jul. 2015)
_wREV474
999 _c13741
_d13741